| 000 | 00359 a2200097 4500 | ||
|---|---|---|---|
| 245 | 0 | 0 |
_aElementy urządzeń elektronicznych - Rezystory stałe Próba przeciążenia PN-85/T-04601.08 / _cMin. Przem. Maszynowego. |
| 246 | 1 | 3 | _aPN-85/T-04601.08 |
| 246 | 1 | 3 | _a621.316.8:621.38.04 |
| 260 |
_aWarszawa : _bMin. Przem. Maszynowego, _c1985. |
||
| 300 |
_a1 stron ; _c30 cm. |
||
| 650 | _aPolska norma | ||
| 999 |
_c20649 _d20649 |
||